00950nam a2200193 a 450000100100000000500170001000800410002702000150006804000250008310000360010824502190014426001080036330000300047149000330050171000600053483000400059495201050063499900170073900003922520201002031542.0130611s1989 sp 000 0 spa d a8400069692 aDO-SdBNPbspacBNPHU1 aPérez Castro, Federico96543310aPoesía secular hispano-hebrea /cFederico Pérez Castro; traducción del hebreo de poemas, notas y prólogos a cada poeta editados por H. Schirmann en su "Ha-Sirâ ha-ibrîtbi-Sêfarad û-bê-Provence" /. aMadrid :bConsejo Superior de Investigaciones Científicas :bInstituto de Filología,(CSIC,),c1989. aXXXVIII, 399 p. ;c24 cm.1 aLiteratura hispano-hebreav22 aConsejo Superior de Investigaciones Científicas94786 0aLiteratura hispano-hebreav2965406 001050718MOaGRbGRcCTd2013-06-11iLF1l0o p39225-10r2020-06-25w2020-06-25y1ZNo se presta c38715d38715